Guess Tennis Players From a Drawing - Statistics

General Stats
  • This quiz has been taken 145 times
  • The average score is 12 of 16
Answer Stats
Picture Answer % Correct
Rafael Nadal
99%
Venus Williams
99%
Li Na
98%
Roger Federer
98%
Novak Djokovic
96%
Alexander Zverev
92%
Bjorn Borg
87%
Pete Sampras
87%
Maria Sharapova
81%
Juan Martín del Potro
75%
Victoria Azarenka
61%
Martina Navratilova
54%
Caroline Wozniacki
50%
Jimmy Connors
50%
Justine Henin
42%
Jelena Ostapenko
22%
No matching quizzes found
Score Distribution
Percent of People with Each Score
Percentile by Number Answered
Your Score History
You have not taken this quiz